Statistics for Languages by Cities

Click here to take the quiz!

General Stats

  • This quiz has been taken 145 times
  • The average score is 14 of 15

Answer Stats

CityLanguage% Correct
Sao PauloPortuguese
98%
TokyoJapanese
97%
ChicagoEnglish
96%
Mexico citySpanish
96%
AmsterdamDutch
95%
CologneGerman
95%
SeoulKorean
95%
BangkokThai
95%
IstanulTurkish
95%
Kuala LumpurMalay
92%
BeijingMandarin
92%
Tel AvivHebrew
91%
TehranPersian
88%
KinshasaFrench
82%
KolkataBengali
73%

Score Distribution

Percentile by Number Answered

Percent of People with Each Score

Your Score History

You have not taken this quiz